000 01753nab a2200205 i 4500
001 768714001
003 CO-MdFUSB
005 20230419143950.0
008 221014b ||||| |||| 00| 0 eng d
040 _beng
_cCO-MdFUSB
_dCO-MdFUSB
041 _aeng
100 _aGoswell, Gregory,
_eautor
245 _aA theocratic reading of Zechariah 9:9
_c/ Gregory Goswell
300 _aVolumen 26, Número 1 (2016), páginas 7- 19
_c; 23 cm
520 _aLa perspectiva de la venida de YHWH a Jerusalén es un tema generalizado en Zacarías y apoya la interpretación de Zacarías 9:9 como una descripción de la entrada de YHWH a la ciudad. Este punto de vista no está excluido por la necesidad de leer "tu rey (de Sión)" como una autorreferencia en tercera persona por parte de YHWH mismo. Ninguno de los términos usados ​​para describir al personaje real en este versículo descarta la suposición de que representa a YHWH. La figura sentada sobre un asno se muestra como una descripción metafórica de la coronación y entronización de YHWH en el eschaton. La alusión al Salmo 72:8 en Zacarías 9:10b es una nueva aplicación de la imagen del gobierno mundial davídico al dominio universal del Rey Divino. Finalmente, de acuerdo con esta interpretación, se argumenta que los evangelios de Mateo y Juan usan Zac 9:9 en la escena de la entrada de Jesús en Jerusalén para proclamar la cristología más alta de todas, representando a Jesús como Dios en la carne.
546 _aTexto en inglés
630 0 7 _aBiblia.
_pZacarías
_xCrítica, interpretación, etc.
773 0 _068251
_981345
_oR2129
_tBulletin for Biblical research
_w(CO-MdFUSB)768714001
_x1065-223X
_gVolumen 26, Número 1 (2016), páginas 7- 19
_qpáginas 7- 19
942 _cANA
999 _c68295
_d68295